| 000 | 01205 a2200265 4500 | ||
|---|---|---|---|
| 999 |
_c454060 _d454060 |
||
| 003 | UA-OsUOA | ||
| 005 | 20200302165143.0 | ||
| 008 | 200205b un ||||| |||| 00| 0 ukr d | ||
| 040 |
_aUA-OsUOA _bukr _cUA-OsUOA _dUA-OsUOA |
||
| 041 | _aukr | ||
| 080 | _a81'374 | ||
| 090 |
_a81'374 _bС25 |
||
| 100 | _aСвобода В. | ||
| 110 | _aУкраїнська вільна академія наук | ||
| 245 |
_aСлов'янська частина Оксфордського гептаглота. Українсько-латинський словник першої половини 17-го сторіччя _cВ. Свобода |
||
| 260 |
_bНакладом Українського Народного Дому _c1956 _aТоронто |
||
| 300 | _a64 с. | ||
| 490 |
_aSlavistica _vч. 25 |
||
| 650 |
_2UDC _a81'374 Лексикографія. Словники, їх укладання та зміст |
||
| 700 | 1 | _aСвобода В. | |
| 710 | 1 | _aУкраїнська вільна академія наук | |
| 942 |
_cBK _2udc |
||
| 955 | _a7 | ||